Представление документа в формате MARC21

Поле Инд. ПП Название Значение
Тип записи a
Библиографический уровень b
001 Контрольный номер RU/IS/BASE/289311178
005 Дата корректировки 20200529173519.6
008 Кодируемые данные 20090302
040 b Код языка каталог. rus
e Правила каталог. PSBO
041 0_ a Код языка текста rus
084 a Индекс другой классификации/Индекс ББК 86.36-2; 81.451-8
100 1_ a Автор Лазаренко О. М.
245 10 a Заглавие Трансформация консонантного текста еврейской Библии в переводе Септуагинты
504 a Библиография Библиогр. - Примеч.: с. 13
650 04 a Основная рубрика иудаизм
a Основная рубрика перевод; перевод
a Основная рубрика религиоведение
a Основная рубрика филологические науки
a Основная рубрика частное языкознание
a Основная рубрика языкознание
a Основная рубрика религия
653 0_ a Ключевые слова Библия
a Ключевые слова древнегреческий язык
a Ключевые слова история религии
a Ключевые слова перевод Библии
a Ключевые слова священные книги
a Ключевые слова священные тексты
a Ключевые слова Септуагинта
773 08 t Заглавие источника Вестник Московского университета. Серия 9, Филология
d Дата издания источника 2008
g Прочая информация № 1. - С. 7 - 12
w Контрольный № источника RU/IS/BASE/286474501
901 t Тип документа b